Bez ropy. <The> Economist o sovětské energetice.

ZSSR je najväčším producentom energie na svete. Údaje o produkcii uhlia, jadrových a vodných elektrární, o zdrojoch ropy a zemného plynu. Neúsporná ťažba a nevýkonná technika vedú k poklesu rentability ťažby ropy a k poklesu celkovej produkcie. V ZSSR vzniká doteraz najhoršia energetická kríza. Nedo...

Description complète

Enregistré dans:
Détails bibliographiques
Format: Chapitre de livre
Langue:tchèque
Sujets:
Tags: Ajouter un tag
Pas de tags, Soyez le premier à ajouter un tag!

MARC

LEADER 00000naa a2200000 4500
001 r004743
005 20221125075938.2
041 0 |a cze 
044 |a [CS] 
245 1 0 |a Bez ropy.  |b <The> Economist o sovětské energetice. 
520 |a ZSSR je najväčším producentom energie na svete. Údaje o produkcii uhlia, jadrových a vodných elektrární, o zdrojoch ropy a zemného plynu. Neúsporná ťažba a nevýkonná technika vedú k poklesu rentability ťažby ropy a k poklesu celkovej produkcie. V ZSSR vzniká doteraz najhoršia energetická kríza. Nedostatok prostriedkov a modernej techniky vytvára nevyhnutnosť uvoľnenia prístupu pre zahraničné naftové firmy. 
610 2 0 |a energetika 
610 2 0 |a ZSSR 
610 2 0 |a ťažba surovín 
610 2 0 |a kríza energetická 
610 2 0 |a ropa